00858cam a2200277 a 45000010009000000050017000090080041000260100017000670200050000840200047001340200042001810200039002230200042002620200039003040400018003430410008003610420008003690800012003770820020003891000007004091010008004162450082004249060045005069420012005519990017005631709311720180118045349.0111222s2013 nyua 001 0 eng  a 2011052284 a9780078025327 (combined edition : alk. paper) a007802532X (combined edition : alk. paper) a9780077446499 (volume 1 : alk. paper) a0077446496 (volume 1 : alk. paper) a9780077446482 (volume 2 : alk. paper) a0077446488 (volume 2 : alk. paper) aDLCcDLCdDLC aeng apcc a657.04400a657.044 SPI2231 a61 aKON10aIntermediate accounting /cJ. David Spiceland, James F. Sepe, Mark W. Nelson. a7bcbccorignewd1eecipf20gy-gencatlg 2ddccBK c40448d40448